<?xml version="1.0" encoding="UTF-8"?>
<record
    xmlns:xsi="http://www.w3.org/2001/XMLSchema-instance"
    xsi:schemaLocation="http://www.loc.gov/MARC21/slim http://www.loc.gov/standards/marcxml/schema/MARC21slim.xsd"
    xmlns="http://www.loc.gov/MARC21/slim">

  <leader>00894nam a2200241 a 4500</leader>
  <controlfield tag="001">25702</controlfield>
  <controlfield tag="003">CO-ViMGA</controlfield>
  <controlfield tag="008">141112s2004    ck      r     000 u spa d</controlfield>
  <datafield tag="020" ind1=" " ind2=" ">
    <subfield code="a">9789587049404</subfield>
  </datafield>
  <datafield tag="040" ind1=" " ind2=" ">
    <subfield code="a">CO-ViMGA</subfield>
    <subfield code="b">spa</subfield>
    <subfield code="c">CO-ViMGA</subfield>
  </datafield>
  <datafield tag="041" ind1=" " ind2=" ">
    <subfield code="a">SPA</subfield>
  </datafield>
  <datafield tag="082" ind1="0" ind2="4">
    <subfield code="a">330.9861 N82</subfield>
  </datafield>
  <datafield tag="245" ind1="1" ind2="0">
    <subfield code="a">Nueva historia econ&#xF3;mica de Colombia / </subfield>
    <subfield code="c">editor Salom&#xF3;n Kalmanovitz ; con la colaboraci&#xF3;n de Edwin L&#xF3;pez Rivera ... [et al.].</subfield>
  </datafield>
  <datafield tag="250" ind1=" " ind2=" ">
    <subfield code="a">1a ed., 1a reimpr.</subfield>
  </datafield>
  <datafield tag="260" ind1=" " ind2=" ">
    <subfield code="a">Bogot&#xE1; : </subfield>
    <subfield code="b">Taurus; Fundaci&#xF3;n Universidad de Bogot&#xE1; Jorge Tadeo Lozano, </subfield>
    <subfield code="c">2010</subfield>
  </datafield>
  <datafield tag="300" ind1=" " ind2=" ">
    <subfield code="a">360 p.</subfield>
  </datafield>
  <datafield tag="500" ind1=" " ind2=" ">
    <subfield code="a">Incluye bibliograf&#xED;a</subfield>
  </datafield>
  <datafield tag="650" ind1="1" ind2="4">
    <subfield code="a">Econom&#xED;a - HISTORIA - COLOMBIA</subfield>
    <subfield code="9">14133</subfield>
  </datafield>
  <datafield tag="651" ind1=" " ind2=" ">
    <subfield code="a">COLOMBIA - CONDICIONES ECONOMICAS - HISTORIA / COLOMBIA - CONDICIONES SOCIALES - HISTORIA</subfield>
    <subfield code="9">39597</subfield>
  </datafield>
  <datafield tag="700" ind1="1" ind2=" ">
    <subfield code="a">Kalmanovitz, Salom&#xF3;n, ed</subfield>
    <subfield code="9">39598</subfield>
  </datafield>
  <datafield tag="700" ind1="1" ind2=" ">
    <subfield code="a">Kalmanovitz, Salom&#xF3;n, ed </subfield>
    <subfield code="9">39598</subfield>
  </datafield>
  <datafield tag="942" ind1=" " ind2=" ">
    <subfield code="2">ddc</subfield>
    <subfield code="c">BK</subfield>
  </datafield>
  <datafield tag="999" ind1=" " ind2=" ">
    <subfield code="c">5269</subfield>
    <subfield code="d">5269</subfield>
  </datafield>
  <datafield tag="952" ind1=" " ind2=" ">
    <subfield code="0">0</subfield>
    <subfield code="1">0</subfield>
    <subfield code="2">ddc</subfield>
    <subfield code="4">0</subfield>
    <subfield code="7">0</subfield>
    <subfield code="8">GEN</subfield>
    <subfield code="a">MEPRICO</subfield>
    <subfield code="b">MEPRICO</subfield>
    <subfield code="c">GEN</subfield>
    <subfield code="d">2022-12-09</subfield>
    <subfield code="o">330.9861 N82</subfield>
    <subfield code="p">PR000000219</subfield>
    <subfield code="r">2022-12-09 00:00:00</subfield>
    <subfield code="t">Ej.1</subfield>
    <subfield code="w">2022-12-09</subfield>
    <subfield code="y">BK</subfield>
  </datafield>
  <datafield tag="952" ind1=" " ind2=" ">
    <subfield code="0">0</subfield>
    <subfield code="1">0</subfield>
    <subfield code="2">ddc</subfield>
    <subfield code="4">0</subfield>
    <subfield code="7">0</subfield>
    <subfield code="8">GEN</subfield>
    <subfield code="a">MEDORADO</subfield>
    <subfield code="b">MEDORADO</subfield>
    <subfield code="c">GEN</subfield>
    <subfield code="d">2022-12-14</subfield>
    <subfield code="l">0</subfield>
    <subfield code="o">330.9861 N82</subfield>
    <subfield code="p">DOR00226</subfield>
    <subfield code="r">2022-12-14 00:00:00</subfield>
    <subfield code="t">Ej.1</subfield>
    <subfield code="w">2022-12-14</subfield>
    <subfield code="y">BK</subfield>
  </datafield>
  <datafield tag="952" ind1=" " ind2=" ">
    <subfield code="0">0</subfield>
    <subfield code="1">0</subfield>
    <subfield code="2">ddc</subfield>
    <subfield code="4">0</subfield>
    <subfield code="7">0</subfield>
    <subfield code="8">GEN</subfield>
    <subfield code="a">MEGUAMAL</subfield>
    <subfield code="b">MEGUAMAL</subfield>
    <subfield code="c">GEN</subfield>
    <subfield code="d">2023-03-13</subfield>
    <subfield code="l">0</subfield>
    <subfield code="o">330.9861 N82</subfield>
    <subfield code="p">GUA002214</subfield>
    <subfield code="r">2023-03-13 00:00:00</subfield>
    <subfield code="t">Ej.1</subfield>
    <subfield code="w">2023-03-13</subfield>
    <subfield code="y">BK</subfield>
  </datafield>
  <datafield tag="952" ind1=" " ind2=" ">
    <subfield code="0">0</subfield>
    <subfield code="1">0</subfield>
    <subfield code="2">ddc</subfield>
    <subfield code="4">0</subfield>
    <subfield code="7">0</subfield>
    <subfield code="8">GEN</subfield>
    <subfield code="a">MEFTEORO</subfield>
    <subfield code="b">MEFTEORO</subfield>
    <subfield code="c">GEN</subfield>
    <subfield code="d">2023-05-02</subfield>
    <subfield code="l">0</subfield>
    <subfield code="o">330.9861 N82</subfield>
    <subfield code="p">Fo0000249</subfield>
    <subfield code="r">2023-05-02 00:00:00</subfield>
    <subfield code="t">Ej.1</subfield>
    <subfield code="w">2023-05-02</subfield>
    <subfield code="y">BK</subfield>
  </datafield>
  <datafield tag="952" ind1=" " ind2=" ">
    <subfield code="0">0</subfield>
    <subfield code="1">0</subfield>
    <subfield code="2">ddc</subfield>
    <subfield code="4">0</subfield>
    <subfield code="7">0</subfield>
    <subfield code="8">GEN</subfield>
    <subfield code="a">MECASTIL</subfield>
    <subfield code="b">MECASTIL</subfield>
    <subfield code="c">GEN</subfield>
    <subfield code="d">2023-05-31</subfield>
    <subfield code="l">0</subfield>
    <subfield code="o">330.9861 N82</subfield>
    <subfield code="p">EC00566</subfield>
    <subfield code="r">2023-05-31 00:00:00</subfield>
    <subfield code="t">Ej.1</subfield>
    <subfield code="w">2023-05-31</subfield>
    <subfield code="y">BK</subfield>
  </datafield>
  <datafield tag="952" ind1=" " ind2=" ">
    <subfield code="0">0</subfield>
    <subfield code="1">0</subfield>
    <subfield code="2">ddc</subfield>
    <subfield code="4">0</subfield>
    <subfield code="7">0</subfield>
    <subfield code="8">GEN</subfield>
    <subfield code="a">MEMAPIRI</subfield>
    <subfield code="b">MEMAPIRI</subfield>
    <subfield code="c">GEN</subfield>
    <subfield code="d">2023-06-08</subfield>
    <subfield code="l">0</subfield>
    <subfield code="o">330.9861</subfield>
    <subfield code="p">MAP0000301</subfield>
    <subfield code="r">2023-06-08 00:00:00</subfield>
    <subfield code="t">Ej.1</subfield>
    <subfield code="w">2023-06-08</subfield>
    <subfield code="y">BK</subfield>
  </datafield>
  <datafield tag="952" ind1=" " ind2=" ">
    <subfield code="0">0</subfield>
    <subfield code="1">0</subfield>
    <subfield code="2">ddc</subfield>
    <subfield code="4">0</subfield>
    <subfield code="7">0</subfield>
    <subfield code="8">GEN</subfield>
    <subfield code="a">MELEJANI</subfield>
    <subfield code="b">MELEJANI</subfield>
    <subfield code="c">GEN</subfield>
    <subfield code="d">2023-06-23</subfield>
    <subfield code="l">0</subfield>
    <subfield code="o">330.9861 N82</subfield>
    <subfield code="p">LEJ00255</subfield>
    <subfield code="r">2023-06-23 00:00:00</subfield>
    <subfield code="t">Ej.1</subfield>
    <subfield code="w">2023-06-23</subfield>
    <subfield code="y">BK</subfield>
  </datafield>
  <datafield tag="952" ind1=" " ind2=" ">
    <subfield code="0">0</subfield>
    <subfield code="1">0</subfield>
    <subfield code="2">ddc</subfield>
    <subfield code="4">0</subfield>
    <subfield code="7">0</subfield>
    <subfield code="8">GEN</subfield>
    <subfield code="a">MEMACARE</subfield>
    <subfield code="b">MEMACARE</subfield>
    <subfield code="c">GEN</subfield>
    <subfield code="d">2023-07-13</subfield>
    <subfield code="l">0</subfield>
    <subfield code="o">330.9861  N82</subfield>
    <subfield code="p">LM00128</subfield>
    <subfield code="r">2023-07-13 00:00:00</subfield>
    <subfield code="t">Ej.1</subfield>
    <subfield code="w">2023-07-13</subfield>
    <subfield code="y">BK</subfield>
  </datafield>
  <datafield tag="952" ind1=" " ind2=" ">
    <subfield code="0">0</subfield>
    <subfield code="1">0</subfield>
    <subfield code="2">ddc</subfield>
    <subfield code="4">0</subfield>
    <subfield code="7">0</subfield>
    <subfield code="8">GEN</subfield>
    <subfield code="a">MEVHERMO</subfield>
    <subfield code="b">MEVHERMO</subfield>
    <subfield code="c">GEN</subfield>
    <subfield code="d">2023-07-17</subfield>
    <subfield code="l">0</subfield>
    <subfield code="o">330.9861 N82</subfield>
    <subfield code="p">VIS00271</subfield>
    <subfield code="r">2023-07-17 21:46:36</subfield>
    <subfield code="t">Ej.1</subfield>
    <subfield code="w">2023-07-17</subfield>
    <subfield code="y">BK</subfield>
  </datafield>
  <datafield tag="952" ind1=" " ind2=" ">
    <subfield code="0">0</subfield>
    <subfield code="1">0</subfield>
    <subfield code="2">ddc</subfield>
    <subfield code="4">0</subfield>
    <subfield code="7">0</subfield>
    <subfield code="8">GEN</subfield>
    <subfield code="a">MESARAMA</subfield>
    <subfield code="b">MESARAMA</subfield>
    <subfield code="c">GEN</subfield>
    <subfield code="d">2023-07-27</subfield>
    <subfield code="l">0</subfield>
    <subfield code="o">330.9861 N82</subfield>
    <subfield code="p">SJA00680</subfield>
    <subfield code="r">2023-07-27 21:52:04</subfield>
    <subfield code="t">Ej.1</subfield>
    <subfield code="w">2023-07-27</subfield>
    <subfield code="y">BK</subfield>
  </datafield>
  <datafield tag="952" ind1=" " ind2=" ">
    <subfield code="0">0</subfield>
    <subfield code="1">0</subfield>
    <subfield code="2">ddc</subfield>
    <subfield code="4">0</subfield>
    <subfield code="7">0</subfield>
    <subfield code="8">GEN</subfield>
    <subfield code="a">MESARAMA</subfield>
    <subfield code="b">MESARAMA</subfield>
    <subfield code="c">GEN</subfield>
    <subfield code="d">2023-07-27</subfield>
    <subfield code="l">0</subfield>
    <subfield code="o">330.9861 N82</subfield>
    <subfield code="p">SJA00681</subfield>
    <subfield code="r">2023-07-27 22:04:42</subfield>
    <subfield code="t">Ej.1</subfield>
    <subfield code="w">2023-07-27</subfield>
    <subfield code="y">BK</subfield>
  </datafield>
  <datafield tag="952" ind1=" " ind2=" ">
    <subfield code="0">0</subfield>
    <subfield code="1">0</subfield>
    <subfield code="2">ddc</subfield>
    <subfield code="4">0</subfield>
    <subfield code="7">0</subfield>
    <subfield code="8">GEN</subfield>
    <subfield code="a">MECUBARR</subfield>
    <subfield code="b">MECUBARR</subfield>
    <subfield code="c">GEN</subfield>
    <subfield code="d">2023-08-04</subfield>
    <subfield code="l">0</subfield>
    <subfield code="o">330.9861 N82</subfield>
    <subfield code="p">CUB02329</subfield>
    <subfield code="r">2023-08-04 21:05:39</subfield>
    <subfield code="t">Ej.1</subfield>
    <subfield code="w">2023-08-04</subfield>
    <subfield code="y">BK</subfield>
  </datafield>
  <datafield tag="952" ind1=" " ind2=" ">
    <subfield code="0">0</subfield>
    <subfield code="1">0</subfield>
    <subfield code="2">ddc</subfield>
    <subfield code="4">0</subfield>
    <subfield code="7">0</subfield>
    <subfield code="8">001</subfield>
    <subfield code="a">MEVIGACOM</subfield>
    <subfield code="b">MEVIGACOM</subfield>
    <subfield code="d">2015-12-04</subfield>
    <subfield code="h">28/ago/2014</subfield>
    <subfield code="l">0</subfield>
    <subfield code="o">330.9861 N82 </subfield>
    <subfield code="p">26998</subfield>
    <subfield code="r">2015-12-04 00:00:00</subfield>
    <subfield code="t">Ej. 2</subfield>
    <subfield code="w">2015-12-04</subfield>
    <subfield code="y">BK</subfield>
  </datafield>
  <datafield tag="952" ind1=" " ind2=" ">
    <subfield code="0">0</subfield>
    <subfield code="1">0</subfield>
    <subfield code="2">ddc</subfield>
    <subfield code="4">0</subfield>
    <subfield code="7">0</subfield>
    <subfield code="8">002</subfield>
    <subfield code="a">MEVIECAR</subfield>
    <subfield code="b">MEVIECAR</subfield>
    <subfield code="d">2015-12-04</subfield>
    <subfield code="h">10/jul/2014</subfield>
    <subfield code="l">1</subfield>
    <subfield code="o">330.9861 N82 </subfield>
    <subfield code="p">010725</subfield>
    <subfield code="r">2017-10-20 00:00:00</subfield>
    <subfield code="s">2017-10-09</subfield>
    <subfield code="t">Ej. 1</subfield>
    <subfield code="w">2015-12-04</subfield>
    <subfield code="y">BK</subfield>
  </datafield>
  <datafield tag="952" ind1=" " ind2=" ">
    <subfield code="0">0</subfield>
    <subfield code="1">0</subfield>
    <subfield code="2">ddc</subfield>
    <subfield code="4">0</subfield>
    <subfield code="7">0</subfield>
    <subfield code="8">002</subfield>
    <subfield code="a">MEVIECAR</subfield>
    <subfield code="b">MEVIECAR</subfield>
    <subfield code="d">2015-12-04</subfield>
    <subfield code="h">13/may/2011</subfield>
    <subfield code="l">4</subfield>
    <subfield code="o">330.9861 N838 </subfield>
    <subfield code="p">24492</subfield>
    <subfield code="r">2019-03-29 00:00:00</subfield>
    <subfield code="s">2019-03-04</subfield>
    <subfield code="t">Ej. 1</subfield>
    <subfield code="w">2015-12-04</subfield>
    <subfield code="y">BK</subfield>
  </datafield>
  <datafield tag="952" ind1=" " ind2=" ">
    <subfield code="0">0</subfield>
    <subfield code="1">0</subfield>
    <subfield code="2">ddc</subfield>
    <subfield code="4">0</subfield>
    <subfield code="7">0</subfield>
    <subfield code="8">GEN</subfield>
    <subfield code="a">MEPLLERAS</subfield>
    <subfield code="b">MEPLLERAS</subfield>
    <subfield code="c">GEN</subfield>
    <subfield code="d">2023-10-20</subfield>
    <subfield code="l">0</subfield>
    <subfield code="o">330.9861  N82</subfield>
    <subfield code="p">PLL00835</subfield>
    <subfield code="r">2023-10-20 15:42:20</subfield>
    <subfield code="t">Ej.1</subfield>
    <subfield code="w">2023-10-20</subfield>
    <subfield code="y">BK</subfield>
  </datafield>
  <datafield tag="952" ind1=" " ind2=" ">
    <subfield code="0">0</subfield>
    <subfield code="1">0</subfield>
    <subfield code="2">ddc</subfield>
    <subfield code="4">0</subfield>
    <subfield code="7">0</subfield>
    <subfield code="8">GEN</subfield>
    <subfield code="a">MEBAUPIA</subfield>
    <subfield code="b">MEBAUPIA</subfield>
    <subfield code="c">GEN</subfield>
    <subfield code="d">2023-10-30</subfield>
    <subfield code="l">0</subfield>
    <subfield code="o">330.9861 N82</subfield>
    <subfield code="p">BUP01275</subfield>
    <subfield code="r">2023-10-30 19:59:33</subfield>
    <subfield code="t">Ej.1</subfield>
    <subfield code="w">2023-10-30</subfield>
    <subfield code="y">BK</subfield>
  </datafield>
  <datafield tag="952" ind1=" " ind2=" ">
    <subfield code="0">0</subfield>
    <subfield code="1">0</subfield>
    <subfield code="2">ddc</subfield>
    <subfield code="4">0</subfield>
    <subfield code="7">0</subfield>
    <subfield code="8">GEN</subfield>
    <subfield code="a">MECUMARA</subfield>
    <subfield code="b">MECUMARA</subfield>
    <subfield code="c">GEN</subfield>
    <subfield code="d">2024-05-27</subfield>
    <subfield code="l">0</subfield>
    <subfield code="o">330.9861N82</subfield>
    <subfield code="p">CUM00232</subfield>
    <subfield code="r">2024-05-27 20:56:45</subfield>
    <subfield code="t">Ej.1</subfield>
    <subfield code="w">2024-05-27</subfield>
    <subfield code="y">BK</subfield>
  </datafield>
  <datafield tag="952" ind1=" " ind2=" ">
    <subfield code="0">0</subfield>
    <subfield code="1">0</subfield>
    <subfield code="2">ddc</subfield>
    <subfield code="4">0</subfield>
    <subfield code="7">0</subfield>
    <subfield code="8">GEN</subfield>
    <subfield code="a">MEURIBE</subfield>
    <subfield code="b">MEURIBE</subfield>
    <subfield code="c">GEN</subfield>
    <subfield code="d">2024-07-17</subfield>
    <subfield code="l">0</subfield>
    <subfield code="o">330.9861 N82</subfield>
    <subfield code="p">URI00348</subfield>
    <subfield code="r">2024-07-17 08:38:45</subfield>
    <subfield code="t">Ej.1</subfield>
    <subfield code="w">2024-07-17</subfield>
    <subfield code="y">BK</subfield>
  </datafield>
  <datafield tag="952" ind1=" " ind2=" ">
    <subfield code="0">0</subfield>
    <subfield code="1">0</subfield>
    <subfield code="4">0</subfield>
    <subfield code="7">0</subfield>
    <subfield code="8">001</subfield>
    <subfield code="a">MEVIGERR</subfield>
    <subfield code="b">MEVIGERR</subfield>
    <subfield code="c">GEN</subfield>
    <subfield code="d">2015-01-28</subfield>
    <subfield code="o">330.9861 N82</subfield>
    <subfield code="p">ECA23503</subfield>
    <subfield code="r">2024-11-26 09:50:40</subfield>
    <subfield code="t">Ej.1</subfield>
    <subfield code="w">2024-11-26</subfield>
    <subfield code="y">BK</subfield>
    <subfield code="z">17780 | 22780</subfield>
  </datafield>
  <datafield tag="952" ind1=" " ind2=" ">
    <subfield code="0">0</subfield>
    <subfield code="1">0</subfield>
    <subfield code="4">0</subfield>
    <subfield code="7">0</subfield>
    <subfield code="8">001</subfield>
    <subfield code="a">MEVIGERR</subfield>
    <subfield code="b">MEVIGERR</subfield>
    <subfield code="c">GEN</subfield>
    <subfield code="d">2012-07-03</subfield>
    <subfield code="o">330.9861 N82</subfield>
    <subfield code="p">ECA21310</subfield>
    <subfield code="r">2024-11-26 10:42:02</subfield>
    <subfield code="t">Ej.1</subfield>
    <subfield code="w">2024-11-26</subfield>
    <subfield code="y">BK</subfield>
    <subfield code="z">15881 | 20624</subfield>
  </datafield>
  <datafield tag="952" ind1=" " ind2=" ">
    <subfield code="0">0</subfield>
    <subfield code="1">0</subfield>
    <subfield code="2">ddc</subfield>
    <subfield code="4">0</subfield>
    <subfield code="7">0</subfield>
    <subfield code="8">GEN</subfield>
    <subfield code="a">MESGUARO</subfield>
    <subfield code="b">MESGUARO</subfield>
    <subfield code="c">GEN</subfield>
    <subfield code="d">2025-03-20</subfield>
    <subfield code="l">0</subfield>
    <subfield code="o">330.9861 N82</subfield>
    <subfield code="p">SG02763</subfield>
    <subfield code="r">2025-03-20 11:07:47</subfield>
    <subfield code="t">Ej.1</subfield>
    <subfield code="w">2025-03-20</subfield>
    <subfield code="y">BK</subfield>
  </datafield>
  <datafield tag="952" ind1=" " ind2=" ">
    <subfield code="0">0</subfield>
    <subfield code="1">0</subfield>
    <subfield code="2">ddc</subfield>
    <subfield code="4">0</subfield>
    <subfield code="7">0</subfield>
    <subfield code="8">GEN</subfield>
    <subfield code="a">MEPLOPEZ</subfield>
    <subfield code="b">MEPLOPEZ</subfield>
    <subfield code="c">GEN</subfield>
    <subfield code="d">2025-04-16</subfield>
    <subfield code="l">0</subfield>
    <subfield code="o">330.9861 N82</subfield>
    <subfield code="p">PLZ00449</subfield>
    <subfield code="r">2025-04-16 10:34:36</subfield>
    <subfield code="t">Ej.1</subfield>
    <subfield code="w">2025-04-16</subfield>
    <subfield code="y">BK</subfield>
  </datafield>
  <datafield tag="952" ind1=" " ind2=" ">
    <subfield code="0">0</subfield>
    <subfield code="1">0</subfield>
    <subfield code="2">ddc</subfield>
    <subfield code="4">0</subfield>
    <subfield code="7">0</subfield>
    <subfield code="8">GEN</subfield>
    <subfield code="a">MEACACIA</subfield>
    <subfield code="b">MEACACIA</subfield>
    <subfield code="c">GEN</subfield>
    <subfield code="d">2025-05-02</subfield>
    <subfield code="l">0</subfield>
    <subfield code="o">330.9861 N82</subfield>
    <subfield code="p">ACA02478</subfield>
    <subfield code="r">2025-05-02 07:59:02</subfield>
    <subfield code="t">Ej.1</subfield>
    <subfield code="w">2025-05-02</subfield>
    <subfield code="y">BK</subfield>
  </datafield>
  <datafield tag="952" ind1=" " ind2=" ">
    <subfield code="0">0</subfield>
    <subfield code="1">0</subfield>
    <subfield code="2">ddc</subfield>
    <subfield code="4">0</subfield>
    <subfield code="7">0</subfield>
    <subfield code="8">GEN</subfield>
    <subfield code="a">MEACACIA</subfield>
    <subfield code="b">MEACACIA</subfield>
    <subfield code="c">GEN</subfield>
    <subfield code="d">2025-05-02</subfield>
    <subfield code="l">0</subfield>
    <subfield code="o">330.9861 N82</subfield>
    <subfield code="p">ACA02479</subfield>
    <subfield code="r">2025-05-02 08:01:39</subfield>
    <subfield code="t">Ej.2</subfield>
    <subfield code="w">2025-05-02</subfield>
    <subfield code="y">BK</subfield>
  </datafield>
  <datafield tag="952" ind1=" " ind2=" ">
    <subfield code="0">0</subfield>
    <subfield code="1">0</subfield>
    <subfield code="2">ddc</subfield>
    <subfield code="4">0</subfield>
    <subfield code="7">0</subfield>
    <subfield code="8">GEN</subfield>
    <subfield code="a">MESMARTI</subfield>
    <subfield code="b">MESMARTI</subfield>
    <subfield code="c">GEN</subfield>
    <subfield code="d">2025-06-24</subfield>
    <subfield code="l">0</subfield>
    <subfield code="o">330.9861 N82</subfield>
    <subfield code="p">SM04014</subfield>
    <subfield code="r">2025-06-24 09:57:58</subfield>
    <subfield code="t">Ej.1</subfield>
    <subfield code="w">2025-06-24</subfield>
    <subfield code="y">BK</subfield>
  </datafield>
  <datafield tag="952" ind1=" " ind2=" ">
    <subfield code="0">0</subfield>
    <subfield code="1">0</subfield>
    <subfield code="2">ddc</subfield>
    <subfield code="4">0</subfield>
    <subfield code="7">0</subfield>
    <subfield code="8">GEN</subfield>
    <subfield code="a">MEMACYARI</subfield>
    <subfield code="b">MEMACYARI</subfield>
    <subfield code="c">GEN</subfield>
    <subfield code="d">2025-06-12</subfield>
    <subfield code="e">ministerio de cultura</subfield>
    <subfield code="f">9789587049404</subfield>
    <subfield code="l">0</subfield>
    <subfield code="o">330.9861 N82</subfield>
    <subfield code="p">9789587049404</subfield>
    <subfield code="r">2025-07-15 09:26:48</subfield>
    <subfield code="t">Ej.1</subfield>
    <subfield code="w">2025-07-15</subfield>
    <subfield code="y">BK</subfield>
  </datafield>
  <datafield tag="952" ind1=" " ind2=" ">
    <subfield code="0">0</subfield>
    <subfield code="1">0</subfield>
    <subfield code="2">ddc</subfield>
    <subfield code="4">0</subfield>
    <subfield code="7">0</subfield>
    <subfield code="8">GEN</subfield>
    <subfield code="a">MEMAPJGA</subfield>
    <subfield code="b">MEMAPJGA</subfield>
    <subfield code="c">GEN</subfield>
    <subfield code="d">2025-07-18</subfield>
    <subfield code="l">0</subfield>
    <subfield code="o">330.9861 N82</subfield>
    <subfield code="p">MPJG00414</subfield>
    <subfield code="r">2025-07-18 11:10:05</subfield>
    <subfield code="t">Ej.1</subfield>
    <subfield code="w">2025-07-18</subfield>
    <subfield code="y">BK</subfield>
  </datafield>
  <datafield tag="952" ind1=" " ind2=" ">
    <subfield code="0">0</subfield>
    <subfield code="1">0</subfield>
    <subfield code="2">ddc</subfield>
    <subfield code="4">0</subfield>
    <subfield code="7">0</subfield>
    <subfield code="8">GEN</subfield>
    <subfield code="a">MERESTRE</subfield>
    <subfield code="b">MERESTRE</subfield>
    <subfield code="c">GEN</subfield>
    <subfield code="d">2025-07-21</subfield>
    <subfield code="l">0</subfield>
    <subfield code="o">330.9861 N82</subfield>
    <subfield code="p">RES00614</subfield>
    <subfield code="r">2025-07-21 14:33:15</subfield>
    <subfield code="t">Ej.1</subfield>
    <subfield code="w">2025-07-21</subfield>
    <subfield code="y">BK</subfield>
  </datafield>
  <datafield tag="952" ind1=" " ind2=" ">
    <subfield code="0">0</subfield>
    <subfield code="1">0</subfield>
    <subfield code="2">ddc</subfield>
    <subfield code="4">0</subfield>
    <subfield code="7">0</subfield>
    <subfield code="8">GEN</subfield>
    <subfield code="a">MECUMARA</subfield>
    <subfield code="b">MECUMARA</subfield>
    <subfield code="c">GEN</subfield>
    <subfield code="d">2025-09-22</subfield>
    <subfield code="l">0</subfield>
    <subfield code="o">330.9861 N82</subfield>
    <subfield code="p">CUM01257</subfield>
    <subfield code="r">2025-09-22 20:53:32</subfield>
    <subfield code="t">Ej.1</subfield>
    <subfield code="w">2025-09-22</subfield>
    <subfield code="y">BK</subfield>
  </datafield>
  <datafield tag="952" ind1=" " ind2=" ">
    <subfield code="0">0</subfield>
    <subfield code="1">0</subfield>
    <subfield code="2">lcc</subfield>
    <subfield code="4">0</subfield>
    <subfield code="7">0</subfield>
    <subfield code="8">GEN</subfield>
    <subfield code="a">MEPCONCO</subfield>
    <subfield code="b">MEPCONCO</subfield>
    <subfield code="c">GEN</subfield>
    <subfield code="d">2026-02-05</subfield>
    <subfield code="l">0</subfield>
    <subfield code="o">330.9861 N82</subfield>
    <subfield code="p">PCON00681</subfield>
    <subfield code="r">2026-02-05 16:14:31</subfield>
    <subfield code="t">Ej.1</subfield>
    <subfield code="w">2026-02-05</subfield>
    <subfield code="y">BK</subfield>
  </datafield>
</record>
